Vyhliadková veža Urpín

Uložené v:
Podrobná bibliografia
Hlavný autor: Kutarňa, Peter (Autor)
Ďalší autori: Sandanus, Jaroslav (Vedúci práce)
Médium: Rukopis Kniha
Jazyk:Slovak
Vydavateľské údaje: 2015
Predmet:
On-line prístup:http://is.stuba.sk/zp/portal_zp.pl?podrobnosti=109740
https://opac.crzp.sk/?fn=detailBiblioForm&sid=78283B71680DBAF21942D61D22D4
Tagy: Pridať tag
Žiadne tagy, Buďte prvý, kto otaguje tento záznam!

MARC

LEADER 00000ntm a22000003a 4500
001 stuzp51801
003 SK-STU
005 20231025103447.9
007 ta
008 150427s2015----xo-----f-mn---000-0-slo-d
040 |a STU  |b slo 
041 0 |a slo 
100 1 |a Kutarňa, Peter  |u 010190  |4 aut  |U SvF Stavebná fakulta  |T SvF Katedra kovových a drevených konštrukcií  |X 67254  |U V190  |Y 21  |7 A000067254 
242 0 1 |a Observation tower Urpín  |y eng 
245 1 0 |a Vyhliadková veža Urpín 
260 |c 2015 
650 4 |a veža  |2 slo 
650 4 |a Urpín  |2 slo 
650 4 |a variant  |2 slo 
650 4 |a tower  |2 eng 
650 4 |a Urpín  |2 eng 
650 4 |a structure  |2 eng 
700 1 |a Sandanus, Jaroslav  |4 ths  |X 2750  |7 A000002750 
856 4 |u http://is.stuba.sk/zp/portal_zp.pl?podrobnosti=109740 
856 4 |u https://opac.crzp.sk/?fn=detailBiblioForm&sid=78283B71680DBAF21942D61D22D4 
SQL |a stuzp51801  |b DDP  |c SLO  |d Vyhliadková veža Urpín  |e 67254  |f Kutarňa, Peter  |g 010190  |h 2750  |i Sandanus, Jaroslav  |j 20150616  |k 945  |l 01  |m http://is.stuba.sk/zp/portal_zp.pl?podrobnosti=109740  |n I-NKS  |o 5.1.5. inžinierske konštrukcie a dopravné stavby